<?xml version="1.0" encoding="UTF-8"?>
<record
    xmlns:xsi="http://www.w3.org/2001/XMLSchema-instance"
    xsi:schemaLocation="http://www.loc.gov/MARC21/slim http://www.loc.gov/standards/marcxml/schema/MARC21slim.xsd"
    xmlns="http://www.loc.gov/MARC21/slim">

  <leader>00636nam a22001697a 4500</leader>
  <datafield tag="999" ind1=" " ind2=" ">
    <subfield code="c">179946</subfield>
    <subfield code="d">179946</subfield>
  </datafield>
  <datafield tag="010" ind1=" " ind2=" ">
    <subfield code="a">MAL-9459</subfield>
  </datafield>
  <datafield tag="020" ind1=" " ind2=" ">
    <subfield code="a">978-93.54167386-</subfield>
    <subfield code="c">240.00</subfield>
  </datafield>
  <datafield tag="035" ind1=" " ind2=" ">
    <subfield code="a">MA-8916</subfield>
  </datafield>
  <datafield tag="082" ind1=" " ind2=" ">
    <subfield code="2">.1st edition</subfield>
    <subfield code="a">204.3</subfield>
    <subfield code="b">&#xD05;&#xD2C;&#xD4D;&#xD30;&#xD39; </subfield>
  </datafield>
  <datafield tag="100" ind1=" " ind2=" ">
    <subfield code="a"> &#xD2A;&#xD4D;&#xD30;&#xD36;&#xD3E;&#xD28;&#xD4D;&#xD24;&#xD4D; &#xD1C;&#xD47;&#xD15;&#xD4D;&#xD15;&#xD2C;&#xD4D; &#xD0E;&#xD2C;&#xD4D;&#xD30;&#xD39;&#xD3E;&#xD02; </subfield>
  </datafield>
  <datafield tag="245" ind1=" " ind2=" ">
    <subfield code="a">&#xD35;&#xD3F;&#xD2A; &#xD38;&#xD4D;&#xD38;&#xD28; &#xD27;&#xD4D;&#xD2F;&#xD3E;&#xD28;&#xD02; </subfield>
    <subfield code="c">&#xD0E;&#xD2C;&#xD4D;&#xD30;&#xD39;&#xD3E;&#xD02; &#xD1C;&#xD47;&#xD15;&#xD4D;&#xD15;&#xD2C;&#xD4D; &#xD2A;&#xD4D;&#xD30;&#xD36;&#xD3E;&#xD28;&#xD4D;&#xD24;&#xD4D; </subfield>
  </datafield>
  <datafield tag="250" ind1=" " ind2=" ">
    <subfield code="a">Ist edition</subfield>
  </datafield>
  <datafield tag="260" ind1=" " ind2=" ">
    <subfield code="a"> </subfield>
    <subfield code="b">published by author</subfield>
    <subfield code="c">2020</subfield>
  </datafield>
  <datafield tag="270" ind1=" " ind2=" ">
    <subfield code="b">&#xD15;&#xD47;&#xD30;&#xD33; </subfield>
  </datafield>
  <datafield tag="300" ind1=" " ind2=" ">
    <subfield code="a">79p</subfield>
    <subfield code="c">21cm</subfield>
  </datafield>
  <datafield tag="942" ind1=" " ind2=" ">
    <subfield code="2">ddc</subfield>
    <subfield code="c">MA</subfield>
    <subfield code="e">1st edition</subfield>
    <subfield code="h">204.3</subfield>
    <subfield code="k">&#xD05;&#xD2C;&#xD4D;&#xD30;&#xD39; </subfield>
  </datafield>
  <datafield tag="952" ind1=" " ind2=" ">
    <subfield code="0">0</subfield>
    <subfield code="1">0</subfield>
    <subfield code="4">0</subfield>
    <subfield code="7">1</subfield>
    <subfield code="8">NFIC</subfield>
    <subfield code="a">DBAD</subfield>
    <subfield code="b">DBAD</subfield>
    <subfield code="d">2021-07-19</subfield>
    <subfield code="e">DBAD/PUB</subfield>
    <subfield code="g">240.00</subfield>
    <subfield code="l">0</subfield>
    <subfield code="o">204.3</subfield>
    <subfield code="p">MA-8916</subfield>
    <subfield code="r">2021-07-19 00:00:00</subfield>
    <subfield code="t">1</subfield>
    <subfield code="v">240.00</subfield>
    <subfield code="w">2021-07-19</subfield>
    <subfield code="y">MA</subfield>
  </datafield>
</record>
